00805nam a22002057a 45000050016000000080041000160100015000570200026000720200023000980350013001210370015001340400018001490820011001671000023001782450184002012600046003852700064004313000046004956000058005412011021706066.0110217t xxu||||| |||| 00| 0 eng d aENG-102024 a9780198070856c695.00 a0198070853c695.00 aEN-85557 bDBAD / PUB adplbEnglish  a882.08 aElkunchwar, Mahesh aCollected plays of Mahesh Elkunchwar :bholi, flower of blood, God son, as one discardeth old clothes...,autobiography party, pond apocalypse /cwith an introduction by Ananda Lal aNew Delhi bOxford University Pressc2011 aYMCA Library Building, Jai Singh Road, bNew Delhi e110001 axxxiii, 290p. :c23cm (pbk) bb&w photos  aElkunchwar, Mahesh, 1939-vTranslations into English.